Statistics for Harry Potter Quiz

Click here to take the quiz!

General Stats

  • This quiz has been taken 9,057 times
    (9,032 since last reset)
  • The average score is 35 of 50

Answer Stats

HintAnswer% Correct
Whose son isDraco Malfoy
99%
Who is in what house at hogwartsSlytherin
98%
Who has a sister calledGinny Weasley
96%
Dobby's original master isLucius Malfoy
96%
Whos red head best friendRonald Weasley
96%
Whose arch enemy isHarry Potter
95%
Who is friends with a strange blonde girl calledLuna Lovegood
94%
Which was also taught byProfessor Snape
89%
Who fell in love withLily Evans
88%
Who teaches what subject at HogwartsPotions
88%
Whose heir isTom Riddle
87%
Who has a son calledDudley
86%
Where a certain boy in huffelpuff dies calledCedric Diggory
85%
Whose sister isPetunia Dursley
85%
Who accompanies Harry to which teacher's partyProfessor Slughorn
82%
And one came into the hands of certain women that likes cats and the colour pinkDolores Umbridge
81%
Who had been watched in the prefect bathroom byMoaning Myrtle
81%
Which there were how many7
80%
Which Harry could speak because part of him was aHorcrux
78%
Who was murdered byThe Basilisk
76%
Where a certain member kills NaginiNeville Longbottom
74%
In which the big event hosted is calledThe Tri-Wizard Tournament
74%
Who can turn into what creatureCat
73%
Who can be controlled by what languageParseltongue
73%
Who is actuallyPeter Pettigrew
72%
Who eats a ton tongue toffee in which bookHarry Potter and the Goblet of Fire
70%
Who is thought to be murdered bySirius Black
70%
Who sacks what headmasterAlbus Dumbledore
69%
Whose most loyal female servent isBellatrix Lestrange
68%
Who kill Voldemort's followers also known asDeath Eaters
66%
Where a certain teacher then discovers Harry's talents in flyingProfessor Mcgonagall
64%
Who is always chasingScabbers
64%
Which is Hermiones pet calledCrookshanks
63%
Which Mad Eye Moody (Barty Crouch jr) uses on what creature in classSpider
63%
Who works forCornelius Fudge
61%
Who has a sister calledAriana Dumbledore
60%
Which is the type of creature Hagrids pet is, who is calledAragog
59%
Where there are animals that are half human half horse calledCentaurs
58%
Where what group of people hide there in the 7th bookDumbledores Army
57%
Whose house becomes headquarters to what in the 5th bookOrder of the Phoenix
57%
Who lives inThe Forbidden Forest
57%
Which Harry and his friends enjoy what drinkButterbeer
53%
Which is the type of animal of a certain divination teacher, who is calledFirenze
48%
Who falls of a broomstick and leaves what item behind (in the first book)Remembrall
45%
And tortures Frank and Alice Longbottom using theCruciatus Curse
44%
And then ends up sharing the teaching position withProfessor Trelawney
44%
Whose portrait leads to where (in Aberforths house)The Room of Requirement
44%
Which cannot compete with a similar place in Hogsmeade calledThe Three Broomsticks
41%
Which is served by whoMadam Rosmerta
32%
Who goes for a job interview at hogwarts whereThe Hogs Head
31%

Score Distribution

Percentile by Number Answered

Percent of People with Each Score

Your Score History

You have not taken this quiz since the last reset